00626nam a2200181 a 4500001000800000005001700008008004100025020001500066040001800081050002500099245015200124260002900276300004100305500003200346500001000378600003200388700002400420BRL_11420190320210608.0910823s1988 mx-a######---#000-0#spa-# a9688250023 aDLCcDLCdDLC 4aNB278.M47b.C37 198810aCarlos Méridabsu obra en el multifamiliar Juárez nacimiento, muerte y resurrecciónc[selección de diseños y textos, Alfonso Soto Soria]. a[México]bISSSTEc1988 a79 p.bil. (algunas a color)c34 cm. aIncluye notas biográficas aAu15114aMérida, Carlosd1891-19841 aSoto Soria, Alfonso